Vegan paleo : protein-rich plant-based recipes for ... Read More
Available copies
- 1 of 1 copy available at LARL/NWRL Consortium. (Show)
- 1 of 1 copy available at Northwest Regional Library.
Current holds
0 current holds with 1 total copy.
Show Only Available Copies
| Location | Call Number / Copy Notes | Barcode | Shelving Location | Status | Due Date |
|---|---|---|---|---|---|
| Warroad Public Library | 641.5636 ZOE (Text) | 35500006129819 | Main | Available | - |
Record details
- ISBN: 1788790634
- ISBN: 9781788790635
- Physical Description: 143 pages : color illustrations ; 22 cm
- Edition: Revised edition.
- Publisher: London : Ryland Peters & Small, 2019.
- Copyright: ©2019
Content descriptions
| General Note: | First published in 2015. |
| Bibliography, etc. Note: | Includes bibliographical references (page 140) and ... Read More |
| Formatted Contents Note: | Introduction -- Sunrise start -- Punchy munchies ... Read More |
| Summary, etc.: | Start eating the vegan paleo way today and ... Read More |
Search for related items by subject
| Subject: | Vegan cooking. High-protein diet > Recipes. Prehistoric peoples > Nutrition. High-protein diet. Vegan cooking. |
| Genre: | Recipes. Cookbooks. |
| LDR | 02145cam a2200505Mi 4500 | ||
|---|---|---|---|
| 001 | 308889 | ||
| 003 | LARL_NWRL_CONSORTIUM | ||
| 005 | 20190201103625.0 | ||
| 008 | 180704t20192019enka b 001 0 eng d | ||
| 040 | . | ‡aYDX ‡beng ‡cYDX ‡dBDX ‡dUKMGB ‡dOCLCO ‡dOCLCQ ‡dBIB ‡dOCLCF ‡dCLE ‡dKLP ‡dNRG | |
| 015 | . | ‡aGBB8K3461 ‡2bnb | |
| 016 | 7 | . | ‡a019116399 ‡2Uk |
| 020 | . | ‡a1788790634 | |
| 020 | . | ‡a9781788790635 | |
| 035 | . | ‡a(OCoLC)1042350681 | |
| 082 | 0 | 4. | ‡a641.56362 ‡223 |
| 049 | . | ‡aNRGA | |
| 100 | 1 | . | ‡aZoe, Jenna, ‡eauthor. |
| 245 | 1 | 0. | ‡aVegan paleo : ‡bprotein-rich plant-based recipes for well-being and vitality / ‡cJenna Zoe ; photography by Clare Winfield. |
| 250 | . | ‡aRevised edition. | |
| 264 | 1. | ‡aLondon : ‡bRyland Peters & Small, ‡c2019. | |
| 264 | 4. | ‡c©2019 | |
| 300 | . | ‡a143 pages : ‡bcolor illustrations ; ‡c22 cm | |
| 336 | . | ‡atext ‡btxt ‡2rdacontent | |
| 336 | . | ‡astill image ‡bsti ‡2rdacontent | |
| 337 | . | ‡aunmediated ‡bn ‡2rdamedia | |
| 338 | . | ‡avolume ‡bnc ‡2rdacarrier | |
| 500 | . | ‡aFirst published in 2015. | |
| 504 | . | ‡aIncludes bibliographical references (page 140) and index. | |
| 520 | . | ‡aStart eating the vegan paleo way today and discover how unlocking the nutritional secrets of the past can lead you to a naturally healthier future. Enjoy more than 60 inventive, easy-to-prepare vegan paleo recipes that use a wide range of unprocessed and natural ingredients including seeds, sprouted grains, fruits and vegetables. | |
| 505 | 0 | . | ‡aIntroduction -- Sunrise start -- Punchy munchies -- Super salads and sides -- Light lunches -- Evening feasts -- Feel-good treats. |
| 650 | 0. | ‡aVegan cooking. ‡0(LARL_NWRL_CONSORTIUM)40734 | |
| 650 | 0. | ‡aHigh-protein diet ‡vRecipes. ‡0(LARL_NWRL_CONSORTIUM)41463 | |
| 650 | 0. | ‡aPrehistoric peoples ‡xNutrition. | |
| 650 | 7. | ‡aHigh-protein diet. ‡2fast ‡0(LARL_NWRL_CONSORTIUM)22126 | |
| 650 | 7. | ‡aVegan cooking. ‡2fast ‡0(LARL_NWRL_CONSORTIUM)40734 | |
| 655 | 7. | ‡aRecipes. ‡2fast | |
| 655 | 7. | ‡aCookbooks. ‡2lcgft ‡0(LARL_NWRL_CONSORTIUM)175846 | |
| 700 | 1 | . | ‡aWinfield, Clare, ‡ephotographer. |
| 905 | . | ‡ubacont | |
| 901 | . | ‡a308889 ‡b ‡c308889 ‡tbiblio ‡soclc | |

Add to basket
Permalink
Disable Highlighting